00829nas a2200229Ia 4500001001100000003000900011008004100020040001300061040001300074041001300087100004900100210001300149222001300162245007400175250001100249260003000260501008600290300002000376362003500396500013000431650003800561R224/C6213IT-RoPAU151124c99999999xx |||||||||||| ||und|| aIT-RoPAU cIT-RoPAU aITALIANO aD'Ascenzo FedericagCodice Aut. SPICS: 48176 aBERENICE aBerenice aBERENICE, ANNO 01-N.03 (NOVEMBRE 1993)b391, Oltre L'Ortodossia Dada' a1a ed. aROMAbPAGINE S.R.L.c1993 bPaulus - SPICS - Società San Paolo EM (non-commercial uses only)cCopyright2015 a10 p. [390-399] aANNO 001, N.03 (NOVEMBRE 1993) aRivista "391", Pubblicata Dal 1917 al 1924 da Francis Picabia. Espressionedello Spirito Dadaista che Sorge con L'Avanguardia. aESTETICAvPUBBLICAZIONE PERIODICA